Biodiversity and forest genetic resources (Record no. 81103)

MARC details
000 -LEADER
fixed length control field 00828nam a2200157 a 4500
008 - FIXED-LENGTH DATA ELEMENTS--GENERAL INFORMATION
fixed length control field 120416s1994 ||||||||||||||||| || u
020 ## - INTERNATIONAL STANDARD BOOK NUMBER
International Standard Book Number 8170892007
050 ## - LIBRARY OF CONGRESS CALL NUMBER
Classification number SD 399.7 Tew
100 ## - MAIN ENTRY--PERSONAL NAME
Personal name Tewari, D. N
245 10 - TITLE STATEMENT
Title Biodiversity and forest genetic resources
260 ## - PUBLICATION, DISTRIBUTION, ETC.
Place of publication, distribution, etc. Dehra Dun:
Name of publisher, distributor, etc. International book distributors
Date of publication, distribution, etc. 1994
350 ## -
-- 0.00
995 ## -
-- ANNEX COLLECTION (Main Library)
-- 0.00
-- 732857
-- CBU-MAIN LIBRARY (Kitwe)
-- 3
-- 37.95
-- SD 399.7 Tew
-- 3
-- AVAILABLE
-- 029884
-- Annex Low-Usage Collection
995 ## -
-- ANNEX COLLECTION (Main Library)
-- 0.00
-- 732858
-- CBU-MAIN LIBRARY (Kitwe)
-- 1
-- 37.95
-- SD 399.7 Tew
-- 1
-- AVAILABLE
-- 029886
-- Annex Low-Usage Collection
995 ## -
-- MAIN LIBRARY OPEN ACCESS
-- 0.00
-- 029885
-- CBU-MAIN LIBRARY (Kitwe)
-- 2
-- 37.95
-- SD 399.7 Tew
-- 2
-- AVAILABLE
-- 029885
-- Main Library Open Access Collection
999 ## -
-- 81103
-- 81103
Holdings
Withdrawn status Lost status Source of classification or shelving scheme Damaged status Not for loan Permanent Location Current Location Shelving location Date acquired Total Checkouts Full call number Barcode Date last seen Copy number Price effective from Koha item type
          CBU-MAIN LIBRARY, KITWE. CBU-MAIN LIBRARY, KITWE.   07/19/2023   SD 399.7 Tew 029884 07/19/2023 1 07/19/2023 MONOGRAPH
          CBU-MAIN LIBRARY, KITWE. CBU-MAIN LIBRARY, KITWE.   07/19/2023   SD 399.7 Tew 029886 07/19/2023 2 07/19/2023 MONOGRAPH
          CBU-MAIN LIBRARY, KITWE. CBU-MAIN LIBRARY, KITWE.   07/19/2023   SD 399.7 Tew 029885 07/19/2023 3 07/19/2023 MONOGRAPH